00422nam a22001337a 450000500170000000800410001704100130005808200120007110000280008324500710011126000500018230000310023265000250026320231027090805.0231027b |||||||| |||| 00| 0 eng d aEnglish  a348 BRO aBrokensha, JRlEnglish  aA Digest of Selected South African Criminal Cases /cJR Brokensha  aDurban :bButterworth and Company Ltd, c1960 bxlvii, 387 pages ;c25 cm. aLegal practice bLaw